Working together for young children : (Record no. 58481)
[ view plain ]
| 000 -LEADER | |
|---|---|
| fixed length control field | 02195nam a2200337 a 4500 |
| 001 - CONTROL NUMBER | |
| control field | 58481 |
| 003 - CONTROL NUMBER IDENTIFIER | |
| rucl marc code | BD-RjUL |
| 005 - DATE AND TIME OF LATEST TRANSACTION | |
| control field | 20211209080628.0 |
| 008 - FIXED-LENGTH DATA ELEMENTS--GENERAL INFORMATION | |
| fixed length control field | 161218s1994 enk b 001 0 eng |
| 020 ## - INTERNATIONAL STANDARD BOOK NUMBER | |
| International Standard Book Number | 0415092477 |
| International Standard Book Number | 0415092485 (pbk.) |
| 035 ## - SYSTEM CONTROL NUMBER | |
| System control number | (OCoLC)ocm28634533 |
| System control number | (BD-RjUL)58605 |
| 040 ## - CATALOGING SOURCE | |
| Original cataloging agency | DLC |
| Transcribing agency | DLC |
| Modifying agency | UKM |
| Language of cataloging | eng |
| 041 ## - LANGUAGE CODE | |
| Language code of text/sound track or separate title | eng |
| 082 00 - DEWEY DECIMAL CLASSIFICATION NUMBER | |
| Classification number | 362.70941 |
| Edition number | 23 |
| Author mark and year | WOR 1994 |
| 245 00 - TITLE STATEMENT | |
| Title | Working together for young children : |
| Remainder of title | multi-professionalism in action / |
| Statement of responsibility, etc. | edited by Tricia David. |
| 260 ## - PUBLICATION, DISTRIBUTION, ETC. (IMPRINT) | |
| Place of publication, distribution, etc. | London ; |
| -- | New York : |
| Name of publisher, distributor, etc. | Routledge, |
| Date of publication, distribution, etc. | 1994. |
| 263 ## - PROJECTED PUBLICATION DATE | |
| Projected publication date | 9406 |
| 300 ## - PHYSICAL DESCRIPTION | |
| Pagination | xxi, 192 p.; |
| Size | 23 cm. |
| 504 ## - BIBLIOGRAPHY, ETC. NOTE | |
| Bibliography, etc | Includes bibliographical references and indexes. |
| 505 2# - FORMATTED CONTENTS NOTE | |
| Formatted contents note | 1. What's so special about families? / Tricia David -- 2. In sickness and in health / Clare Blackburn -- 3. Childminders and children / Judy Warner -- 4. Teachers and young children in educational establishments / Cathy Nutbrown -- 5. Voluntary agencies, young children and their families, preschool playgroups / Margaret Brown -- 6. Daycare and nursery education as a business. The private sector: an overview / Vivienne Whittingham -- 7. Becoming a special family / Elaine Herbert -- 8. When parents separate - having two homes / Erica De'Ath -- 9. Supporting 'children in need' - the role of the social worker / Norma Baldwin and Christine Harrison -- 10. Young children in the care system / Sonia Jackson -- 11. Making a difference for children 'in need': 'educare' services / Tricia David -- 12. Young children in day nurseries and combined centres run by the Social Services department - practitioner research / Margy Whalley -- 13. Training to work with young children / Audrey Curtis. |
| Formatted contents note | 14. Coordinating provision - the story so far in one local authority / Ann Sharp -- 15. Postscript. Supporting children and families - an optimistic future? / Tricia David. |
| 650 #0 - SUBJECT ADDED ENTRY--TOPICAL TERM | |
| Topical term or geographic name as entry element | Children |
| General subdivision | Services for |
| Geographic subdivision | Great Britain. |
| 9 (RLIN) | 173674 |
| Topical term or geographic name as entry element | Social work with children |
| Geographic subdivision | Great Britain. |
| 9 (RLIN) | 173675 |
| 653 0# - INDEX TERM--UNCONTROLLED | |
| Uncontrolled term | Children |
| -- | Welfare services |
| Uncontrolled term | Great Britain |
| 700 1# - ADDED ENTRY--PERSONAL NAME | |
| Personal name | David, Tricia, |
| Dates associated with a name | 1942- |
| 942 ## - ADDED ENTRY ELEMENTS (KOHA) | |
| Source of classification or shelving scheme | Dewey Decimal Classification |
| Koha item type | Books |
| Lost status | Source of classification or shelving scheme | Damaged status | Not for loan | Collection code | Permanent Location | Current Location | Shelving location | Date acquired | Source of acquisition | Cost, normal purchase price | Total Checkouts | Full call number | Date last seen | Copy number | Koha item type |
|---|---|---|---|---|---|---|---|---|---|---|---|---|---|---|---|
| Dewey Decimal Classification | Not For Loan | Non-fiction | Central Library, University of Rajshahi | Central Library, University of Rajshahi | Reading Room | 06/07/1997 | Dhaka, Ahsania mission book dis. home. | 817.98 | 362.70941 WOR 1994 | 18/12/2016 | C-1 | Books |